| 000 | 00585nam a2200241 a 4500 | ||
|---|---|---|---|
| 001 | 0001-1337 | ||
| 003 | ELIB.Books | ||
| 008 | 150825 2010 eng | ||
| 020 | _a597204 | ||
| 035 | _a(ELIB.Books)0001-1492 | ||
| 092 |
_a251 _bBai |
||
| 100 | _aBaillie, John. | ||
| 245 | _aOut of Nazareth | ||
| 260 |
_aNew York _bCharles Scribner's Sons _c1958 |
||
| 300 |
_a211 _c21.5 Cm |
||
| 500 | _aDr. Min Oo | ||
| 650 | _aPreaching | ||
| 856 |
_nKBTS: Library _uKBTS: Elib |
||
| 942 |
_2ddc _cBK |
||
| 990 | _a1 | ||
| 998 |
_cbat _e2015-08-25 |
||
| 999 |
_c11337 _d11337 |
||